Biblioteca

Protestantismos y modernidad latinoamericana : historia de unas minorías religiosas activas en América Latina / Jean-Pierre Bastian ; traducido por José Esteban Calderón (Registro nro. 47171)

Detalles MARC
000 -LÍDER
Campo fijo de descripción fija 010880000a22002170004500
001 - NÚMERO DE CONTROL
Campo de control 20820
020 ## - NÚMERO INTERNACIONAL NORMALIZADO PARA LIBROS
Número Internacional Normalizado del libro 978-968-16-4457-4
082 04 - NÚMERO DE CLASIFICACIÓN DECIMAL DEWEY
Número de clasificación G 280.4098 B3261p
100 1# - ASIENTO PRINCIPAL--NOMBRE PERSONAL
Nombre personal Bastian, Jean-Pierre
245 10 - TÍTULO
Título del Material Protestantismos y modernidad latinoamericana : historia de unas minorías religiosas activas en América Latina / Jean-Pierre Bastian ; traducido por José Esteban Calderón
260 ## - PUBLICACIÓN, DISTRIBUCIÓN, ETC. (PIE DE IMPRENTA)
Lugar de publicación, distribución, etc. México : Fondo de Cultura Económica
300 ## - DESCRIPCIÓN FÍSICA
Extensión 351 páginas
336 ## - CONTENT TYPE
Content type term texto
Content type code txt
Source rdacontent
337 ## - MEDIA TYPE
Source rdamedia
Media type term sin mediación
Media type code n
338 ## - CARRIER TYPE
Source rdacarrier
Carrier type term volumen
Carrier type code nc
501 ## - NOTA DE “CON”
Nota de Contenido rústico
500 ## - NOTA GENERAL
Nota General Título original en francés: Le Protestentisme en Amériquue Latine. Une Approche socio-historique Marzo 25, 2015 2.526,79
505 00 - NOTA DE CONTENIDO
Nota de contenido con formato preestablecido Protestantismos coloniales -- La herejía luterana en Nueva España -- Sociedades protestantes y modernidad liberal -- Democracia y panamericanismo protestante, 1916-1961 -- La mutación de los protestantismos latinoamericanos, 1961-1992
650 14 - ASIENTO SECUNDARIO DE MATERIA - TERMINO TEMÁTICO
Término temático o nombre geográfico como elemento de entrada Protestantismo - América latina \ Historia \ Modernidad
942 ## - TIPO DE MATERIAL (KOHA)
Tipo de Item KOHA Libros General
Existencias
Estado de Material Estado de Perdido Estado de Dañado No para Préstamo Colección Tomo Biblioteca de Origen Biblioteca Permanente Fecha de Adquisición Total de Préstamos Total de Renovaciones Signatura Topográfica Código de Barras Última vez visto Última vez Préstado Ejemplar/Existencia Fecha de Remplazo Tipo de Material
        Colección General   Biblioteca FUSBC Biblioteca FUSBC 26/08/2015 6 10 G 280.4098 B3261p 20052 30/07/2025 02/07/2025 1 26/01/2016 Libros General

Biblioteca FUSBC | Teléfono: (57+4) 349 88 10 Ext. 141| WhatsApp (+57) 3005338115 
E-mail: biblioteca@unisbc.edu.co | Calle 76 87-14 Robledo Palenque, Medellín, Colombia

Con tecnología Koha